| 000 | 00836nam a2200217 a 4500 | ||
|---|---|---|---|
| 999 |
_c4006 _d4006 |
||
| 001 | 4006 | ||
| 003 | BD-JhCC | ||
| 005 | 20180305122447.0 | ||
| 008 | 171120s1968 bg |||| |||| 000 0 ben d | ||
| 035 | _a(BD-JhCC) | ||
| 040 |
_aBD-JhCC _dBD-JhCC |
||
| 041 | _aben | ||
| 082 |
_a910.3 _bBHU 1968 |
||
| 100 | _aহক, মুহম্মদ এনামুল | ||
| 245 |
_aভূ-বিদ্যা-পরিভাষা-কোষ / _cকেন্দ্রীয় বাঙলা উন্নয়ন বোর্ড |
||
| 260 |
_aঢাকা: _bকেন্দ্রীয় বাঙলা উন্নয়ন বোর্ড, _c১৯৬৮ |
||
| 300 |
_a65 p.; _c24 cm |
||
| 650 | _aTerminology of Geology | ||
| 710 | _aকেন্দ্রীয় বাঙলা উন্নয়ন বোর্ড | ||
| 942 |
_2ddc _cREF |
||